Adult mortality, AIDS, and fertility in rural Malawi /
Bewaard in:
| Hoofdauteur: | |
|---|---|
| Andere auteurs: | |
| Formaat: | Boek |
| Tags: |
Voeg label toe
Geen labels, Wees de eerste die dit record labelt!
|
MARC
| LEADER | 00000nam a22000007a 4500 | ||
|---|---|---|---|
| 003 | cru CIDCACS/IIS | ||
| 005 | 20170420093706.0 | ||
| 007 | ta | ||
| 008 | 170420e2016 ja ||||| |||| 00| 0 e d | ||
| 040 | |c cru CIDCACS/IIS | ||
| 100 | 1 | |9 4202 |a Durevall, Dick | |
| 245 | 1 | |a Adult mortality, AIDS, and fertility in rural Malawi / |c Dick Durevall, Annika Lindskog | |
| 300 | |a páginas 215-142: |b tablas | ||
| 700 | 1 | |9 4203 |a Lindskog, Annika | |
| 773 | 0 | |0 19189 |9 638 |a Institute of Developing Economies |d Tokio: IDE-JETRO |o R19098 |t The Developing Economies / |x 00121533 | |
| 942 | |2 ddc |c PP | ||
| 999 | |c 19199 |d 19199 | ||
